<?xml version="1.0" encoding="UTF-8"?>
<record
    xmlns:xsi="http://www.w3.org/2001/XMLSchema-instance"
    xsi:schemaLocation="http://www.loc.gov/MARC21/slim http://www.loc.gov/standards/marcxml/schema/MARC21slim.xsd"
    xmlns="http://www.loc.gov/MARC21/slim">

  <leader>00611nam a22001697a 4500</leader>
  <controlfield tag="008">240119b        |||||||| |||| 00| 0 eng d</controlfield>
  <datafield tag="020" ind1=" " ind2=" ">
    <subfield code="a">9789937780582</subfield>
  </datafield>
  <datafield tag="041" ind1=" " ind2=" ">
    <subfield code="a">Nep.</subfield>
  </datafield>
  <datafield tag="082" ind1=" " ind2=" ">
    <subfield code="a">N923.2/Ko398j</subfield>
  </datafield>
  <datafield tag="100" ind1=" " ind2=" ">
    <subfield code="a">&#x915;&#x94B;&#x907;&#x930;&#x93E;&#x932;&#x93E;,&#x935;&#x93F;&#x936;&#x94D;&#x935;&#x947;&#x936;&#x94D;&#x935;&#x930;&#x92A;&#x94D;&#x930;&#x938;&#x93E;&#x926;</subfield>
  </datafield>
  <datafield tag="245" ind1=" " ind2=" ">
    <subfield code="a">&#x91C;&#x947;&#x932; &#x921;&#x93E;&#x92F;&#x930;&#x940;</subfield>
  </datafield>
  <datafield tag="260" ind1=" " ind2=" ">
    <subfield code="a">&#x915;&#x93E;&#x920;&#x92E;&#x93E;&#x921;&#x94C;&#x902;:</subfield>
    <subfield code="b">&#x936;&#x93F;&#x916;&#x93E; &#x92C;&#x941;&#x915;&#x94D;&#x938;,</subfield>
    <subfield code="c">&#x968;&#x966;&#x96E;&#x966;&#x935;&#x93F;.</subfield>
  </datafield>
  <datafield tag="300" ind1=" " ind2=" ">
    <subfield code="b">Li,&#x96A;&#x968;&#x967;&#x92A;&#x943;.</subfield>
  </datafield>
  <datafield tag="650" ind1=" " ind2=" ">
    <subfield code="a">&#x91C;&#x940;&#x935;&#x928;&#x940;</subfield>
  </datafield>
  <datafield tag="650" ind1=" " ind2=" ">
    <subfield code="a">&#x915;&#x94B;&#x907;&#x930;&#x93E;&#x932;&#x93E;, &#x935;&#x93F;&#x936;&#x94D;&#x935;&#x947;&#x936;&#x94D;&#x935;&#x930;&#x92A;&#x94D;&#x930;&#x938;&#x93E;&#x926;-&#x91C;&#x940;&#x935;&#x928;&#x940;</subfield>
  </datafield>
  <datafield tag="942" ind1=" " ind2=" ">
    <subfield code="2">ddc</subfield>
    <subfield code="c">NCS</subfield>
  </datafield>
  <datafield tag="999" ind1=" " ind2=" ">
    <subfield code="c">111458</subfield>
    <subfield code="d">111446</subfield>
  </datafield>
  <datafield tag="952" ind1=" " ind2=" ">
    <subfield code="0">0</subfield>
    <subfield code="1">0</subfield>
    <subfield code="2">ddc</subfield>
    <subfield code="4">0</subfield>
    <subfield code="7">0</subfield>
    <subfield code="a">TUCL</subfield>
    <subfield code="b">TUCL</subfield>
    <subfield code="d">2024-01-19</subfield>
    <subfield code="l">0</subfield>
    <subfield code="o">N923.2/Ko398j</subfield>
    <subfield code="p">167739</subfield>
    <subfield code="r">2024-01-19 08:16:59</subfield>
    <subfield code="w">2024-01-19</subfield>
    <subfield code="y">NCS</subfield>
  </datafield>
  <datafield tag="952" ind1=" " ind2=" ">
    <subfield code="0">0</subfield>
    <subfield code="1">0</subfield>
    <subfield code="2">ddc</subfield>
    <subfield code="4">0</subfield>
    <subfield code="7">0</subfield>
    <subfield code="a">TUCL</subfield>
    <subfield code="b">TUCL</subfield>
    <subfield code="c">NB</subfield>
    <subfield code="d">2024-01-19</subfield>
    <subfield code="l">3</subfield>
    <subfield code="m">2</subfield>
    <subfield code="o">N923.2/Ko398j</subfield>
    <subfield code="p">167740</subfield>
    <subfield code="r">2025-07-01 15:16:00</subfield>
    <subfield code="s">2025-03-19</subfield>
    <subfield code="w">2024-01-19</subfield>
    <subfield code="y">G-NC</subfield>
  </datafield>
</record>
